000 00494nam a2200181Ia 4500
008 240925s9999 xx 000 0 und d
020 _a78812550
082 _a006.3 SCH
100 _aSchildt, Herbert
245 0 _aArtificial Intelligence Using C
250 _aNA
260 _aCalifornia:
_bMcGraw-Hill
_c,1987.
300 _a107p.
_bNA
_fPhotocopy
500 _aIncludes Index
600 _aEngineering Technology
650 _aComputer science, information & general works
942 _cBK
999 _c7320
_d7320